European Countries By Lowest Percentage Of Land - Statistics

General Stats
  • This quiz has been taken 68 times
  • The average score is 9 of 10
Answer Stats
Percentage Country % Correct
0.005% Andorra
100%
0.03% Luxembourg
100%
0.001% San Marino
100%
0% Vatican City
100%
0.002% Liechtenstein
98%
0% Monaco
98%
0.003% Malta
97%
0.3% North Macedonia
78%
0.1% Montenegro
76%
0.2% Slovenia
71%
No matching quizzes found
Score Distribution
Percent of People with Each Score
Percentile by Number Answered
Your Score History
You have not taken this quiz